Statistics for FORMER English Football League Teams

Click here to take the quiz!

General Stats

  • This quiz has been taken 145 times
    (101 since last reset)
  • The average score is 22 of 53

Answer Stats

Last YearDCLUB% Correct
2007-08Wrexham
75%
1991-92#Aldershot
72%
2015-16York City
72%
2018-19Yeovil Town
68%
2009-10#Darlington
67%
2019-20#Bury
63%
2015-16Dagenham & Redbridge
63%
2018-19Notts County
62%
2005-06#Rushden & Diamonds
62%
1892-93#Accrington
60%
2017-18Chesterfield
60%
1977-78Southport
60%
2013-14Torquay United
60%
1971-72Barrow
58%
1969-70#Bradford Park Avenue
58%
1976-77Workington
58%
2017-18Barnet
57%
2008-09#Chester City
57%
2016-17Hartlepool United
55%
2010-11Stockport County
55%
1998-99#Scarborough
53%
2006-07Boston United
50%
2011-12#Hereford United
50%
2001-02#Halifax Town
47%
2004-05Kidderminster Harriers
47%
1991-92#Maidstone United
47%
1988-89#Newport County (1912)
45%
1959-60#Gateshead
42%
1898-99#Darwen
40%
1914-15Glossop
35%
1914-15#Leeds City
33%
1929-30#Merthyr Town
32%
1950-51#New Brighton
32%
1926-27#Aberdare Athletic
27%
1911-12Gainsborough Trinity
27%
1928-29Ashington
25%
1900-01#Burton Swifts
25%
1931-32#Thames
25%
2012-13Aldershot Town
23%
1892-93#Bootle
23%
1893-94#Middlesbrough Ironopolis
23%
1961-62#Accrington Stanley (1891)
22%
1906-07#Burton United
22%
1927-28#Durham City
22%
1922-23Stalybridge Celtic
22%
1896-97#Burton Wanderers
20%
1900-01#New Brighton Tower
20%
1893-94Northwich Victoria
20%
1930-31#Nelson
18%
1924-25#Rotherham County
15%
1895-96#Rotherham Town
15%
1931-32#Wigan Borough
15%
1899-1900#Loughborough
13%

Score Distribution

Percentile by Number Answered

Percent of People with Each Score

Your Score History

You have not taken this quiz since the last reset